[Event "Concepcion Henriquez Memorial"]
[Site "Concepcion"]
[Date "2021.10.02"]
[Round "9"]
[White "Fuentes Castro, Felipe Ignacio"]
[Black "Mundaca Bermedo, Pia Ignacia"]
[Result "1-0"]
[WhiteElo "1621"]
[BlackElo "1483"]
[PlyCount "51"]
[EventDate "2021.09.08"]
[EventType "tourn"]
[EventRounds "9"]
[EventCountry "CHI"]
[SourceTitle "EXT 2023"]
[Source "ChessBase"]
[SourceDate "2022.10.05"]
[SourceVersion "1"]
[SourceVersionDate "2022.10.05"]
[SourceQuality "1"]

1. Nf3 c5 2. g3 Nc6 3. Bg2 e6 4. 0-0 Nge7 5. c4 g6 6. d4 cxd4 7. Nxd4 a6 8. e4 Qc7 9. Be3 Bg7 10. Nc3 0-0 11. b3 b6 12. Rc1 Bb7 13. Na4 Rab8 14. Nxb6 Qxb6 15. Nxe6 Qa5 16. Nxg7 Kxg7 17. Qc2 f6 18. f4 Rbc8 19. Rfd1 Rfd8 20. Rd6 Rc7 21. Qb2 Rf8 22. Rcd1 Rf7 23. a3 Nc8 24. R6d5 Qxd5 25. exd5 Nd8 26. d6 1-0

[Event "Concepcion Henriquez Memorial"]
[Site "Concepcion"]
[Date "2021.10.02"]
[Round "8"]
[White "Mundaca Bermedo, Tomas Joaquin"]
[Black "Fuentes Castro, Felipe Ignacio"]
[Result "0-1"]
[WhiteElo "1512"]
[BlackElo "1621"]
[PlyCount "62"]
[EventDate "2021.09.08"]
[EventType "tourn"]
[EventRounds "9"]
[EventCountry "CHI"]
[SourceTitle "EXT 2023"]
[Source "ChessBase"]
[SourceDate "2022.10.05"]
[SourceVersion "1"]
[SourceVersionDate "2022.10.05"]
[SourceQuality "1"]

1. e4 c5 2. Nf3 d6 3. d4 cxd4 4. Nxd4 Nf6 5. Nc3 g6 6. Be3 Bg7 7. f3 0-0 8. Qd2 Nc6 9. 0-0-0 d5 10. Nxc6 bxc6 11. exd5 Nxd5 12. Nxd5 cxd5 13. Bd4 e5 14. Bc5 Be6 15. Bxf8 Qxf8 16. Qa5 Rb8 17. g4 e4 18. c3 exf3 19. g5 Qe7 20. h4 Qb7 21. Rd2 Bxc3 22. Qxc3 Rc8 23. Qxc8+ Qxc8+ 24. Rc2 Qb8 25. Rhh2 Qf4+ 26. Rcd2 d4 27. b3 Qe3 28. Bd3 Qe1+ 29. Rd1 f2 30. Rh1 Qc3+ 31. Bc2 Bf5 0-1

[Event "Concepcion Henriquez Memorial"]
[Site "Concepcion"]
[Date "2021.09.24"]
[Round "7"]
[White "Fuentes Castro, Felipe Ignacio"]
[Black "Ruiz Zenteno, Leonardo Marcial"]
[Result "0-1"]
[WhiteElo "1621"]
[BlackElo "1939"]
[PlyCount "86"]
[EventDate "2021.09.08"]
[EventType "tourn"]
[EventRounds "9"]
[EventCountry "CHI"]
[SourceTitle "EXT 2023"]
[Source "ChessBase"]
[SourceDate "2022.10.05"]
[SourceVersion "1"]
[SourceVersionDate "2022.10.05"]
[SourceQuality "1"]

1. Nf3 Nf6 2. g3 g6 3. Bg2 Bg7 4. c4 d6 5. d4 Nc6 6. Nc3 0-0 7. 0-0 e5 8. d5 Ne7 9. e4 Ne8 10. Ne1 f5 11. Nd3 Nf6 12. f4 fxe4 13. fxe5 exd3 14. exf6 Rxf6 15. Rxf6 Bxf6 16. Qxd3 Bf5 17. Qe2 Qd7 18. Bf4 Re8 19. Re1 Kf7 20. Qd2 a6 21. Bg5 Ng8 22. Rf1 Kg7 23. Bxf6+ Nxf6 24. Qd4 Qe7 25. Ne4 Bxe4 26. Bxe4 Qe5 27. Qxe5 Rxe5 28. Bf3 b6 29. Kg2 a5 30. b3 g5 31. g4 h6 32. Rf2 Re1 33. Re2 Rxe2+ 34. Bxe2 Ne4 35. Bd3 Nc3 36. a3 Kf6 37. Kf3 Ke5 38. Ke3 Nd1+ 39. Ke2 Kd4 40. Kd2 Ne3 41. Be2 Ke4 42. Kc3 Kf4 43. h3 Ke4 0-1

[Event "Concepcion Henriquez Memorial"]
[Site "Concepcion"]
[Date "2021.09.08"]
[Round "1"]
[White "Andrade Jaramillo, Daniel Andres"]
[Black "Fuentes Castro, Felipe Ignacio"]
[Result "0-1"]
[WhiteElo "1439"]
[BlackElo "1621"]
[PlyCount "36"]
[EventDate "2021.09.08"]
[EventType "tourn"]
[EventRounds "9"]
[EventCountry "CHI"]
[SourceTitle "EXT 2023"]
[Source "ChessBase"]
[SourceDate "2022.10.05"]
[SourceVersion "1"]
[SourceVersionDate "2022.10.05"]
[SourceQuality "1"]

1. e4 c5 2. Nf3 d6 3. d4 Nf6 4. Nc3 cxd4 5. Nxd4 Nc6 6. Be3 e6 7. Nxc6 bxc6 8. Bc4 Be7 9. 0-0 0-0 10. f3 d5 11. exd5 exd5 12. Bb3 Be6 13. Bd4 c5 14. Bf2 Qc7 15. Re1 Rfd8 16. Rxe6 fxe6 17. Qe2 c4 18. Ba4 Bc5 0-1